Evolución histórica del conocimiento humano y su estado actual a la luz de la moderna Física Atómica / (Record no. 95935)

MARC details
000 -LEADER
campo de control de longitud fija 00782nam a2200181 i 4500
001 - NÚMERO DE CONTROL
campo de control 95935
003 - IDENTIFICADOR DE NÚMERO DE CONTROL
campo de control ES-MaACL
005 - FECHA Y HORA DE LA ÚLTIMA TRANSACCIÓN
campo de control 20230906181814.0
007 - CAMPO FIJO DE DESCRIPCIÓN FÍSICA--INFORMACIÓN GENERAL
campo de control de longitud fija t|
008 - DATOS DE LONGITUD FIJA--INFORMACIÓN GENERAL
campo de control de longitud fija 050608q1959 sp ||||1| spa d
100 1# - ENTRADA PRINCIPAL--NOMBRE DE PERSONA
Nombre de persona Macau Villar, Federico.
9 (RLIN) 75063
245 10 - MENCIÓN DEL TÍTULO
Título Evolución histórica del conocimiento humano y su estado actual a la luz de la moderna Física Atómica /
Mención de responsabilidad, etc. por Federico Macau Villar.
260 ## - PUBLICACIÓN, DISTRIBUCIÓN, ETC.
Lugar de publicación, distribución, etc. Cartagena :
Nombre del editor, distribuidor, etc. [s.n.],
Fecha de publicación, distribución, etc. 1959? (
Fabricante Imp. Hijo de Dionisio Martínez)
300 ## - DESCRIPCIÓN FÍSICA
Extensión 40 p. ;
Dimensiones 22 cm.
500 ## - NOTA GENERAL
Nota general Precede al tít.: Hermandad de los Cuatro Santos de Cartagena. Cátedra Pio XII de Cuestiones Actuales.
710 2# - ENTRADA AGREGADA--NOMBRE DE ENTIDAD CORPORATIVA
Nombre de entidad corporativa o nombre de jurisdicción como elemento de entrada Hermandad de los Cuatro Santos de Cartagena.
Unidad subordinada Cátedra Pío XII de Cuestiones Actuales.
9 (RLIN) 4566
852 ## - LOCALIZACIÓN
Ubicación ES-MaACL
Número de control de estantería 2011-F-14
Sublocalización o colección R.41708
Holdings
Estatus retirado Estado de pérdida Estado de daño No para préstamo Colección Biblioteca de origen Biblioteca actual Ubicación en estantería Fecha de adquisición Fuente de adquisición Total de préstamos Signatura topográfica completa Código de barras Visto por última vez Precio de reemplazo Tipo de ítem Koha
        Colección de folletos Biblioteca del Ateneo de Madrid Biblioteca del Ateneo de Madrid Depósito folletos 17/01/2008     2011-F-14 1100170 23/02/2023 23/02/2023 Folleto